¡El gran filón!! (Record no. 163818)

MARC details
000 -LEADER
campo de control de longitud fija 00784nam a22001815i 4500
001 - NÚMERO DE CONTROL
campo de control 163818
003 - IDENTIFICADOR DE NÚMERO DE CONTROL
campo de control ES-MaACL
005 - FECHA Y HORA DE LA ÚLTIMA TRANSACCIÓN
campo de control 20250929063239.0
008 - DATOS DE LONGITUD FIJA--INFORMACIÓN GENERAL
campo de control de longitud fija 000103s1872 sp |||| | spa d
040 ## - FUENTE DE CATALOGACIÓN
Centro catalogador/agencia de origen CCPB | B
Lengua de catalogación spa
Centro/agencia transcriptor CCPB | B
100 1# - ENTRADA PRINCIPAL--NOMBRE DE PERSONA
Nombre de persona Rodríguez Rubí, Tomás,
Fechas asociadas al nombre 1817-1890
9 (RLIN) 131953
245 14 - MENCIÓN DEL TÍTULO
Título ¡El gran filón!!
Resto del título : comedia original en tres actos y en verso /
Mención de responsabilidad, etc. de Tomás Rodríguez Rubí.
260 ## - PUBLICACIÓN, DISTRIBUCIÓN, ETC.
Lugar de publicación, distribución, etc. Madrid :
Nombre del editor, distribuidor, etc. [Administración Lírico-dramática],
Fecha de publicación, distribución, etc. 1872 (
Fabricante Imprenta de José Rodríguez)
300 ## - DESCRIPCIÓN FÍSICA
Extensión 106 p. ;
Dimensiones 20 cm.
500 #0 - NOTA GENERAL
Nota general En port.: Representada por primera vez en el Teatro Español en Noviembre de 1874.
852 ## - LOCALIZACIÓN
Ubicación ES-MaACL
Número de control de estantería D-2492(5)
Nota libre -- Enc. hol., conservando la cub. original
-- -- Legado de M. de La Fuente
Holdings
Estatus retirado Estado de pérdida Estado de daño No para préstamo Colección Biblioteca de origen Biblioteca actual Ubicación en estantería Fecha de adquisición Fuente de adquisición Total de préstamos Signatura topográfica completa Código de barras Visto por última vez Precio de reemplazo Tipo de ítem Koha
        Libros del s. XIX Biblioteca del Ateneo de Madrid Biblioteca del Ateneo de Madrid Sala Valle Inclán 17/01/2008     D-2492(5) 901171679 23/02/2023 23/02/2023 Libro impreso antiguo